Enciclopedia della fantascienza in tv-1-Dalle origini agli anni '60 (Record no. 94075)

MARC details
000 -LEADER
fixed length control field 01641nam a2200313Ia 4500
001 - CONTROL NUMBER
control field H2676
003 - CONTROL NUMBER IDENTIFIER
control field IT-RoPAU
008 - FIXED-LENGTH DATA ELEMENTS--GENERAL INFORMATION
fixed length control field 130308s9999 xx 000 0 und d
040 ## - CATALOGING SOURCE
Original cataloging agency IT-RoPAU
040 ## - CATALOGING SOURCE
Transcribing agency IT-RoPAU
041 ## - LANGUAGE CODE
Language code of text/sound track or separate title ITALIANO
100 ## - MAIN ENTRY--PERSONAL NAME
Personal name Mickovic Aleksandar
100 ## - MAIN ENTRY--PERSONAL NAME
Miscellaneous information Codice Aut. SPICS: 57086
245 ## - TITLE STATEMENT
Title Enciclopedia della fantascienza in tv-1-Dalle origini agli anni '60
245 ## - TITLE STATEMENT
Remainder of title Enciclopedia della Fantascienza in Tv-1-Dalle Origini Agli Anni '60
250 ## - EDITION STATEMENT
Edition statement 1a ed.
260 ## - PUBLICATION, DISTRIBUTION, ETC. (IMPRINT)
Place of publication, distribution, etc. ROMA
260 ## - PUBLICATION, DISTRIBUTION, ETC. (IMPRINT)
Name of publisher, distributor, etc. Fanucci
260 ## - PUBLICATION, DISTRIBUTION, ETC. (IMPRINT)
Date of publication, distribution, etc. 2002 [1° Ed.:2002 - Ed.Ling.Originale:2002]
300 ## - PHYSICAL DESCRIPTION
Extent "320 p. (prefazione: no ; testo: 320 [pagine: 0-0])"
500 ## - GENERAL NOTE
General note La Televisione è Entrata a far parte della nostra Quotidianità Come Mezzo, D'Informazione, Educazione o Semplice Intrattenimento. Uno dei Modi con Cui Il Piccolo schermo è in grado di Catturare la nostra Attenzione è Lo Spettacolo Seriale: Personaggi e Situazioni Ricorrenti che Impariamo Ad Amare Episodio Dopo Episodio. Diffusione dell'immaginario fantascientifico nella Produzione Seriale. Opere di Fantascienza Sono Comparse Nei palinsesti Sin Dagli Esordi della Tv. Questa Enciclopedia si Propone Come Guida Alla Produzione Mondiale di Fantascienza Televisiva, Coprendo Tutte le Serie Realizzate Fin Dalle Origini della Tv: Serie, Miniserie e Sceneggiati. Guida Alla Consultazione. Glossario. Bibliografia.
650 ## - SUBJECT ADDED ENTRY--TOPICAL TERM
Topical term or geographic name as entry element GENERI TELEVISIVI
650 ## - SUBJECT ADDED ENTRY--TOPICAL TERM
Relator term Codice materia Spics: 6960
700 ## - ADDED ENTRY--PERSONAL NAME
Personal name Rossi MarcelloVianello Nicola
700 ## - ADDED ENTRY--PERSONAL NAME
Miscellaneous information Codice Aut. SPICS: 57087Codice Aut. SPICS: 57088
942 ## - ADDED ENTRY ELEMENTS (KOHA)
Koha item type LIBRO
957 ## -
-- 1
999 ## - SYSTEM CONTROL NUMBERS (KOHA)
-- 1
Holdings
Withdrawn status Lost status Damaged status Not for loan Home library Current library Date acquired Total Checkouts Full call number Date last seen Price effective from Koha item type Public note
    Buone Condizioni Not For Loan SPICS-MEDIATECA SPICS-MEDIATECA 08/03/2013   H2676 08/03/2013 08/03/2013 LIBRO Progressivo inserimento: 44870 / N. Volumi: 1 Copie: 1 / data import: 1 marzo 2013 - By Epidotti, Trombetti, Vaglietti.
CREDITS: SOCIETA' SAN PAOLO Via A.Severo, 58 - ROMA (RM) & PERIODICI SAN PAOLO SRL Via Giotto, 36 MILANO & CISF Via Giotto, 36 MILANO & EDIZIONI SAN PAOLO SRL,  Piazza Soncino, 5 CINISELLO BALSAMO (MI) -- ITALY